• 首页
  • 本馆介绍
  • 公告通知
  • 最新文献
  • 馆藏检索
  • 电子资源
  • 读者导购
  • 参考咨询
  • 我的图书馆
  • 登录
  • 详细信息显示
  • 放入我的书架
  • 预约/预借图书
  • 作者相关作品
  • 分类相关作品
  • 丛书相关作品
  • 出版社相关作品

书目信息

  • 表格格式
  • 工作单格式
  • 卡片格式
题名:
全面规划扫除文盲工作
    
 
作者: ;新知识出版社 编辑
分册:  
出版信息: 上海   新知识出版社  1956
页数: 76页
开本: 19cm
丛书名:
单 册:
中图分类: G725.81
科图分类:
主题词: 乡村教育--扫盲--工作经验
电子资源:
ISBN: 7076.150
000 00719cam0 2200241 450
001 0105410598
005 20061201160550.0
010    @a7076.150@dCNY0.24
091    @a7076.150@dCNY0.24
100    @a19970721d1956 em y0chiy0110 ea
101 0  @achi
102    @aCN@b310000
105    @ay z 000yy
106    @ar
200 1  @a全面规划扫除文盲工作@9Quan Mian Gui Hua;Huai Sao Chu Wen Mang Gong Zuo @f新知识出版社编辑@b专著
210    @a上海@c新知识出版社@d1956
215    @a76页@d19cm
300    @a扫除农村文盲初步经验之一
606 0  @a乡村教育@x扫盲@x工作经验
690    @aG725.81@v3
711 02 @a新知识出版社@9xin zhi shi chu ban she@4编辑
801  0 @aCN@bAiZhiMarc
905    @aBZT@dG725.81@e2@f1@sG725.81/2
    
    全面规划扫除文盲工作/新知识出版社编辑.-上海:新知识出版社,1956
    76页;19cm
    扫除农村文盲初步经验之一
    
    ISBN 7076.150:CNY0.24
    
●
相关链接 在五车中查询图书 在当当中查询图书 在豆瓣中查询图书


正题名:全面规划扫除文盲工作     索取号:G725.81/2         预约/预借

序号 登录号 条形码 馆藏地/架位号 状态 备注
1 2000097638   2000097638   旧书回溯/ [索取号:G725.81/2] 在馆    
山东省滨州职业学院图书馆 欢迎您!
大连网信软件有限公司© 版权所有